000 00568nam a22001457a 4500
020 _a0-7497-3639-9
082 _a823
_bMOR/KE
100 _aMORPURGO, MICHAEL
245 _aKENSUKE'S KINGDOM
260 _aGREAT BRITAIN
_bMAMMOTH
_c2000
300 _a165
520 _aKensuke's Kingdom tells the story of an eleven-year old boy named Michael, whose family decides to sail around the world after his parents are made redundant from the local brickworks. The family set off with their dog, Stella Artois, in Southampton.
650 _aNOVEL
_zUNITED KINGDOM
942 _cBK
999 _c3579
_d3579